000 00982nam a22001817a 4500
999 _c59417
_d59417
003 Ge_BSU
005 20230214121247.0
008 230214s2002 ge ||||| |||| 00| 0 geo d
041 _ageo
080 _a341.4 თ-77
100 _aთოფურიძე, ნოდარ
_916907
245 _aსაერთაშორისო სისხლის სამართლის სასამართლო /
_c [რედ.: ზვიად ცაგარეიშვილი, ანა მარგველაშვილი].
264 _aთბილისი :
_b საერთაშ. სისხლის სამართლის საქ. ცენტრი,
_c2002.
300 _a52გვ. ;
_b20სმ.
653 _aსაერთაშორისო სისხლის სამართალი
653 _aსაერთაშორისო სისხლის სამართლის სასამართლო
942 _2udc
_cBK